000 01057nam0a22003011 4500
001 RU\INFOCOMM_322\NLR\5000099746
005 20250613111614.0
035 _a(NLR Aleph) 009591791
090 _a9254792
_c9254792
100 _a20121210d1990 |||y0rusy50 ca
101 0 _aswe
102 _aRU
105 _ay z |||||
200 1 _aˆ...‰ Det sunda förnuftets. imperativ
_fStanislav Kondrasjov
210 _aM.
_cNovosti
_d1990
215 _a134 с.
_d16 см
300 _aВ вып. дан.: Императивы здравого смысла / Станислав Николаевич Кондрашов
606 0 _aКоллективная безопасность
_2nlr_sh1
606 0 _aМеждународные отношения
_9910990
_3RU\NLR\AUTH\6612973
620 _aМосква
686 _aФ4(0)301
_2rubbk
700 1 _9z01790
_aKondrašov
_bE. N.
790 1 _9z01700
_aKondrasjov
_bS.
_gStanislav
_4070
801 1 _aRU
_bNLR
_c20121210
801 0 _aRU
_bINFOCOMM
_gPSBO
852 _aNLR
_jИ25 Д-1/437
942 _cBOOK
980 _aNB